000 00743nam a2200265Ia 4500
003 OSt
005 20220918163801.0
006 a|||||r|||| 00| 0
007 ta
008 220917b |||||||| |||| 00| 0 eng d
020 _a029781091X
024 _a28,882
037 _cTextual
040 _aARTS
_cARTS
_beng
041 _2eng
_aeng
082 _aO111,3M19w, M9
100 _aTaylor Ian
_915354
245 0 _aGeorge Eliot
_b women of contradictions
260 _aLondon
_bWeidenfeld and Nicolson UK
_c1989
300 _axv,255p.
_ccm.
500 _aAppendix 231-34p; Bib 244-456p; Inlcudes index
650 _aENGLISH LITERATURE
942 _hO111,3M19w, M9
_cTEXL
_2CC
999 _c121514
_d121514